Neidio i'r cynnwys

Экономическая безопасность России. В 3 ч. Ч.1 учебное пособие Ч. 1 Экономическая безопасность России. В 3 ч. Ч.1 : учебное пособие

Рассматривается материал по курсу «Экономическая безопасность России». Каждая глава содержит вопросы для самопроверки. Предназначено для студентов направления подготовки 38.05.01 «Экономическая безопасность» («Экономико-правовое обеспечение экономической безопасности») очной и заочной форм обучения,...

Disgrifiad llawn

Wedi'i Gadw mewn:
Manylion Llyfryddiaeth
Prif Awdur: Бондарская Т. А.
Awduron Eraill: Бондарская О. В., Злобина Н. В., Кольцова О. В., Меркулова Е. Ю., Муратова О. Г., Попова Г. Л., Саталкина Н. И., Спиридонов С. П., Терехова Г. И., Терехова Ю. О.
Fformat: Книга
Iaith:Russian
Cyhoeddwyd: Тамбов ТГТУ 2018
Mynediad Ar-lein:https://e.lanbook.com/book/319829
https://e.lanbook.com/img/cover/book/319829.jpg
Tagiau: Ychwanegu Tag
Dim Tagiau, Byddwch y cyntaf i dagio'r cofnod hwn!
LEADER 02935nam0a2200409 i 4500
001 319829
003 RuSpLAN
005 20240216150941.0
008 240216s2018 ru gs 000 0 rus
020 |a 978-5-8265-1858-8 
040 |a RuSpLAN 
041 0 |a rus 
044 |a ru 
080 |a 338.2 
084 |a 65.050  |2 rubbk 
245 1 |a Экономическая безопасность России. В 3 ч. Ч.1  |b учебное пособие  |c Бондарская Т. А.,Бондарская О. В.,Злобина Н. В.,Кольцова О. В.,Меркулова Е. Ю.,Муратова О. Г.,Попова Г. Л.,Саталкина Н. И.,Спиридонов С. П.,Терехова Г. И.,Терехова Ю. О.   |n Ч. 1  |p Экономическая безопасность России. В 3 ч. Ч.1 : учебное пособие 
260 |a Тамбов  |b ТГТУ  |c 2018 
300 |a 274 с. 
500 |a Утверждено Учёным советом университета в качестве учебного пособия для студентов направления подготовки 38.05.01 «Экономическая безопасность» («Экономико-правовое обеспечение экономической безопасности») очной и заочной форм обучения 
504 |a Библиогр.: доступна в карточке книги, на сайте ЭБС Лань 
520 8 |a Рассматривается материал по курсу «Экономическая безопасность России». Каждая глава содержит вопросы для самопроверки. Предназначено для студентов направления подготовки 38.05.01 «Экономическая безопасность» («Экономико-правовое обеспечение экономической безопасности») очной и заочной форм обучения, а также для преподавателей, аспирантов и студентов экономических вузов. 
521 8 |a Книга из коллекции ТГТУ - Экономика и менеджмент 
521 8 |a СЭБ 
100 1 |a Бондарская Т. А. 
700 1 |a Бондарская О. В. 
700 1 |a Злобина Н. В. 
700 1 |a Кольцова О. В. 
700 1 |a Меркулова Е. Ю. 
700 1 |a Муратова О. Г. 
700 1 |a Попова Г. Л. 
700 1 |a Саталкина Н. И. 
700 1 |a Спиридонов С. П. 
700 1 |a Терехова Г. И. 
700 1 |a Терехова Ю. О. 
856 4 |u https://e.lanbook.com/book/319829 
856 4 8 |u https://e.lanbook.com/img/cover/book/319829.jpg 
953 |a https://e.lanbook.com/img/cover/book/319829.jpg 
Cannot write session to /tmp/vufind_sessions/sess_e5cai9tpbi8l10u6pnku3m4p0m